ՀՀ Գիտությունների ազգային ակադեմիայի հիմնարար գիտական գրադարան  =   Fundamental Scientific Library of NAS RA

Вопросы физиологии сельскохозяйственных животных / (Record no. 307804)

MARC details
000 -LEADER
fixed length control field 00921nam a2200217 a 4500
001 - CONTROL NUMBER
control field 000870695
003 - CONTROL NUMBER IDENTIFIER
control field AM-YeHGA
005 - DATE AND TIME OF LATEST TRANSACTION
control field 20250617145208.0
008 - FIXED-LENGTH DATA ELEMENTS--GENERAL INFORMATION
fixed length control field 120228s1974 ru r 000 0 rus d
040 ## - CATALOGING SOURCE
Original cataloging agency AM-YeHGA
041 0# - LANGUAGE CODE
Language code of text/sound track or separate title rus
090 ## - LOCALLY ASSIGNED LC-TYPE CALL NUMBER (OCLC); LOCAL CALL NUMBER (RLIN)
-- 309513
245 00 - TITLE STATEMENT
Title Вопросы физиологии сельскохозяйственных животных /
Statement of responsibility, etc. МСХ СССР; Кубан. с.-х. ин-т.
260 ## - PUBLICATION, DISTRIBUTION, ETC.
Place of publication, distribution, etc. Краснодар :
Name of publisher, distributor, etc. Б. и.,
Date of publication, distribution, etc. 1974.
300 ## - PHYSICAL DESCRIPTION
Extent Часть ;
Dimensions 20 см.
505 10 - FORMATTED CONTENTS NOTE
Miscellaneous information Ч. 2 (1974, 188 с., рис., табл.)
-- Ч. 3 (1976, 207 с., рис., табл.)
650 14 - SUBJECT ADDED ENTRY--TOPICAL TERM
Topical term or geographic name entry element Плодоводство, ягодоводство и лесоводство
650 14 - SUBJECT ADDED ENTRY--TOPICAL TERM
Topical term or geographic name entry element Животноводство
710 2# - ADDED ENTRY--CORPORATE NAME
Corporate name or jurisdiction name as entry element Министерство сельского хозяйства CССР
710 2# - ADDED ENTRY--CORPORATE NAME
Corporate name or jurisdiction name as entry element Кубанский сельскохозяйственный институт
Holdings
Withdrawn status Lost status Damaged status Not for loan Collection Home library Current library Date acquired Serial enumeration / chronology Total checkouts Full call number Barcode Date last seen Price effective from Koha item type Public note
        General Fundamental Scientific Library Fundamental Scientific Library 09/01/2017 Ч. 3   РII/384357 FL0367695 09/01/2017 09/01/2017 Գրքեր / Books 30 Days Loan


ՀՀ ԳԱԱ հիմնարար գիտական գրադարան
ՀՀ,Երևան 0019
Մարշալ Բաղրամյան 24/6
հեռախոս:(374-10) 52-47-50
Հետադարձ կապ

All site content, except where otherwise noted, is licensed under a
Creative Commons License